Money, Interest, and Prices <An> Integration of Monetary and Value Theory
Guardado en:
| Autor principal: | |
|---|---|
| Formato: | Libro |
| Lenguaje: | inglés |
| Publicado: |
Cambridge
The MIT Press
1989
|
| Edición: | 2. ed., abr. |
| Materias: | |
| Etiquetas: |
Sin Etiquetas, Sea el primero en etiquetar este registro!
|
MARC
| LEADER | 00000nam a2200000 4500 | ||
|---|---|---|---|
| 001 | c021912 | ||
| 005 | 20221206131506.2 | ||
| 020 | |a 0-262-16114-1 | ||
| 041 | 0 | |a eng | |
| 044 | |a US | ||
| 245 | 1 | 0 | |a Money, Interest, and Prices |b <An> Integration of Monetary and Value Theory |c Don Patinkin |
| 250 | |a 2. ed., abr. | ||
| 264 | 1 | |a Cambridge |b The MIT Press |c 1989 | |
| 300 | |a 560 s. | ||
| 610 | 2 | 0 | |a mikroekonomika |
| 610 | 2 | 0 | |a makroekonomika |
| 610 | 2 | 0 | |a teória peňažná |
| 610 | 2 | 0 | |a teória hodnoty |
| 610 | 2 | 0 | |a dopyt |
| 610 | 2 | 0 | |a peniaze |
| 610 | 2 | 0 | |a úrok |
| 610 | 2 | 0 | |a ceny |
| 610 | 2 | 0 | |a zamestnanosť |
| 610 | 2 | 0 | |a analýzy |
| 610 | 2 | 0 | |a ekonómia |
| 100 | 1 | |a Patinkin, Don | |